|
|
|
|
| LEADER |
00000nam a22000007a 4500 |
| 005 |
20130709154438.0 |
| 007 |
cr|||| |||| |
| 008 |
130709s2009 ar |||||s|||| 00| 0 spa d |
| 020 |
|
|
|a 978-987-643-019-7
|
| 035 |
|
|
|a 11370
|
| 040 |
|
|
|a vLex
|
| 090 |
|
|
|c 4393
|d 4393
|
| 100 |
1 |
|
|a Balcarce, Fabiǹ I.
|
| 245 |
1 |
0 |
|a Derecho penal de los marginados
|h [Recurso electrn̤ico] :
|b Ln̕eas de polt̕ica criminal Argentina /
|c Fabiǹ I. Balcarce
|
| 256 |
|
|
|a Servicio en ln̕ea
|
| 260 |
|
|
|a Ciudad de Cr̤doba:
|b Alveroni Ediciones,
|c 2009
|
| 300 |
|
|
|a 1 recurso electrn̤ico
|
| 506 |
1 |
|
|a Contenido solo disponible en los productos indicados
|d vLex Global
|d vLex Global (Academic Edition, excluding Law Schools)
|d vLex Global (U.S. Academic Edition, Law Schools)
|d vLex Global (U.S. Academic Edition, excluding Law Schools)
|d vLex Global (Academic Edition, Law Schools)
|
| 650 |
0 |
4 |
|a Derecho penal
|z Argentina
|
| 650 |
0 |
4 |
|a Polt̕ica criminal
|z Argentina
|
| 740 |
0 |
|
|a vLex Libros (Servicio en ln̕ea)
|
| 856 |
4 |
0 |
|u http://vlex.com/source/derecho-penal-de-los-marginados-lineas-de-politica-criminal-argentina-11370
|z Acceso restringido
|
| 942 |
|
|
|c BOOK
|
| 999 |
0 |
|
|a Criminal law
|